书目信息 |
| 题名: |
日语基础语法速成班
|
|
| 作者: | 杨美玲 , 吉松由美 编著 | |
| 分册: | 必备篇 | |
| 出版信息: | 北京 北京语言大学出版社 2008.11 |
|
| 页数: | 166页 | |
| 开本: | 21cm | |
| 丛书名: | 北语社日语基础学习用书系列 | |
| 单 册: | ||
| 中图分类: | H364 | |
| 科图分类: | ||
| 主题词: | 日语--ri yu--语法 | |
| 电子资源: | ||
| ISBN: | 978-7-5619-2216-3 | |
| 000 | 00959nam 2200265 450 | |
| 001 | 012009726859 | |
| 005 | 20090917165242.96 | |
| 010 | @a978-7-5619-2216-3@dCNY15.80 | |
| 100 | @a20090917d2008 em y0chiy0120 ea | |
| 101 | 0 | @achi@ajpn |
| 102 | @aCN@b110000 | |
| 105 | @aa z 000yy | |
| 106 | @ar | |
| 200 | 1 | @a日语基础语法速成班@Ari yu ji chu yu fa su cheng ban@i必备篇@f杨美玲, 吉松由美编著@Fyang mei ling,ji song you mei bian zhu |
| 210 | @a北京@c北京语言大学出版社@d2008.11 | |
| 215 | @a166页@c图@d21cm | |
| 225 | 2 | @a北语社日语基础学习用书系列@Abei yu she ri yu ji chu xue xi yong shu xi lie |
| 330 | @a本书包含了日语能力测试3级必考语法,涉及了生活、留学、出差、考试等方面的内容。 | |
| 410 | 0 | @12001 @a北语社日语基础学习用书系列 |
| 606 | 0 | @a日语@Ari yu@x语法 |
| 690 | @aH364@v4 | |
| 701 | 0 | @a杨美玲@Ayang mei ling@4编著 |
| 701 | 0 | @a吉松由美@Aji song you mei@4编著 |
| 801 | 0 | @aCN@bQSSK@c20090917 |
| 905 | @b754155-57@dH364@eY233@f3 | |
| 日语基础语法速成班.必备篇/杨美玲, 吉松由美编著.-北京:北京语言大学出版社,2008.11 |
| 166页:图;21cm.-(北语社日语基础学习用书系列) |
| ISBN 978-7-5619-2216-3:CNY15.80 |
| 本书包含了日语能力测试3级必考语法,涉及了生活、留学、出差、考试等方面的内容。 |
| ● |
| 相关链接 |
|
|
|
正题名:日语基础语法速成班
索取号:H364/Y233
 
预约/预借
| 序号 | 登录号 | 条形码 | 馆藏地/架位号 | 状态 | 备注 |
| 1 | 754155 | 207541551 | 语言库209/209语言库 129排1列2层/ [索取号:H364/Y233] | 在馆 | |
| 2 | 754156 | 207541560 | 语言库209/209语言库 129排1列2层/ [索取号:H364/Y233] | 在馆 | |
| 3 | 754157 | 207541579 | 语言库209/209语言库 129排1列2层/ [索取号:H364/Y233] | 在馆 |